Controlling nástroj podnikové efektivnosti
Controlling - metóda vnútropodnikového riadenia. História controllingu. Metódy vnútropodnikového riadenia a transformácia. Dôvody a predpoklady zavádzania controllingu. Väzby controllingu na dielčí automatizovaný systém riadenia a podnikový manažment.
Enregistré dans:
| Auteur principal: | |
|---|---|
| Format: | Chapitre de livre |
| Langue: | tchèque |
| Sujets: | |
| Tags: |
Pas de tags, Soyez le premier à ajouter un tag!
|
MARC
| LEADER | 00000naa a2200000 4500 | ||
|---|---|---|---|
| 001 | r033356 | ||
| 005 | 20230913084238.7 | ||
| 041 | 0 | |a cze | |
| 044 | |a CZ | ||
| 245 | 1 | 0 | |a Controlling |b nástroj podnikové efektivnosti |c Štěpánka Kudělková |
| 520 | |a Controlling - metóda vnútropodnikového riadenia. História controllingu. Metódy vnútropodnikového riadenia a transformácia. Dôvody a predpoklady zavádzania controllingu. Väzby controllingu na dielčí automatizovaný systém riadenia a podnikový manažment. | ||
| 610 | 2 | 0 | |a kontroling |
| 610 | 2 | 0 | |a efektívnosť |
| 610 | 2 | 0 | |a podnik |
| 610 | 2 | 0 | |a história |
| 610 | 2 | 0 | |a pojmy |
| 610 | 2 | 0 | |a riadenie vnútropodnikové |
| 610 | 2 | 0 | |a transformácia |
| 610 | 2 | 0 | |a racionalizácia výroby |
| 610 | 2 | 0 | |a systémy riadenia automatizované |
| 100 | 1 | |a Kudělková, Štěpánka | |